| 000 | 00438cam a2200181ua 4500 | ||
|---|---|---|---|
| 020 | _c10.00 | ||
| 041 |
_ahin _h |
||
| 082 |
_a891.54 _bRAJ/NA |
||
| 100 | _aRajkumar, . | ||
| 245 |
_aNatak aur rangmanch / _cRajkumar. _hTextual Documents |
||
| 250 |
_a1 / _b. |
||
| 260 |
_aVaranasi : _bHindi Pracharak Pusthakalayam , _c1961. |
||
| 300 | _a141 ; . | ||
| 365 | _a10.00 | ||
| 504 | _a | ||
| 942 | _cBK | ||
| 999 |
_c8398 _d8398 |
||